LEADER 03821nam 2200697 450 001 9910460557503321 005 20200520144314.0 010 $a1-63157-147-8 035 $a(CKB)3710000000530781 035 $a(OCoLC)932542597 035 $a(CaBNVSL)swl00405943 035 $a(MiAaPQ)EBC4107728 035 $a(Au-PeEL)EBL4107728 035 $a(CaPaEBR)ebr11123918 035 $a(CaONFJC)MIL875471 035 $a(OCoLC)940512905 035 $a(EXLCZ)993710000000530781 100 $a20151217d2016 fy 0 101 0 $aeng 135 $aurcnu|||||||| 181 $2rdacontent 182 $2rdamedia 183 $2rdacarrier 200 10$aPublic relations ethics $ehow to practice PR without losing your soul /$fDick Martin and Donald K. Wright 205 $aFirst edition. 210 1$aNew York, New York (222 East 46th Street, New York, NY 10017) :$cBusiness Expert Press,$d2016. 215 $a1 online resource (247 pages) 225 1 $aPublic relations collection,$x2157-3476 311 $a1-63157-146-X 320 $aIncludes bibliographical references (pages 227-239) and index. 327 $a1. Introduction -- 2. Is public relations inherently unethical? -- 3. Virtue and character -- 4. Public relations of character -- 5. Veracity, visibility, and validity -- 6. Respect for reason -- 7. The public interest -- 8. Corporate responsibility -- 9. Duties and rights -- 10. Care and justice -- 11. Ethical decision making -- 12. Frameworks for ethical reasoning -- 13. Constructing a personal framework for ethical reasoning -- 14. Conclusion -- References -- Index. 330 3 $aThis book represents a practical guide to ethical decision making tailored specifically to the needs of public relations students and practitioners. Coauthored by a corporate public relations officer of deep experience and a widely published public relations ethics scholar, the book thoroughly explores both ethical theories and their practical applications. With emphasis on the analysis of contemporary cases, the authors guide readers in building personal frameworks for ethical reasoning, enabling them to (1) recognize the ethical issues at play in public relations practice, (2) analyze the conflicting duties and loyalties at play in ethical situations, and (3) justify their decision and/or counsel in terms that others will understand and ultimately accept. The book fills a gap in the currently available literature on the subject, most of which lacks either theoretical grounding or practical application. Unlike other books that focus on the broad field of ethics in "communication" or "mass communication," this book focuses solely upon public relations ethics. It cites illustrative cases spanning a wide range of public relations functions that involve several of the world's largest public relations agencies as well as a number of their clients. 410 0$aPublic relations collection.$x2157-3476 606 $aPublic relations$xMoral and ethical aspects 608 $aElectronic books. 610 $aEthics 610 $aPublic Relations 610 $aCorporate Communication 610 $aCharacter 610 $aReason 610 $aSocial/Corporate Responsibility 610 $aEthical Reasoning 610 $aJustice 610 $aDuty 610 $aVirtue 610 $aCare 610 $aConsequences 610 $aDeontological Ethics 610 $aUtilitarian Ethics 610 $aTeleological Ethics 615 0$aPublic relations$xMoral and ethical aspects. 676 $a659.2 700 $aMartin$b Dick.$0977827 702 $aWright$b Donald K. 801 0$bMiAaPQ 801 1$bMiAaPQ 801 2$bMiAaPQ 906 $aBOOK 912 $a9910460557503321 996 $aPublic relations ethics$92227575 997 $aUNINA LEADER 04725nam 2200649 a 450 001 9910781244003321 005 20200520144314.0 010 $a0-8014-6139-1 010 $a0-8014-6091-3 024 7 $a10.7591/9780801460913 035 $a(CKB)2550000000036188 035 $a(OCoLC)727477102 035 $a(CaPaEBR)ebrary10467979 035 $a(SSID)ssj0000533976 035 $a(PQKBManifestationID)11333910 035 $a(PQKBTitleCode)TC0000533976 035 $a(PQKBWorkID)10491918 035 $a(PQKB)10499955 035 $a(StDuBDS)EDZ0001499037 035 $a(MiAaPQ)EBC3138100 035 $a(OCoLC)865509071 035 $a(MdBmJHUP)muse28884 035 $a(DE-B1597)478453 035 $a(OCoLC)979778463 035 $a(DE-B1597)9780801460913 035 $a(Au-PeEL)EBL3138100 035 $a(CaPaEBR)ebr10467979 035 $a(CaONFJC)MIL767796 035 $a(EXLCZ)992550000000036188 100 $a20101104d2011 uy 0 101 0 $aeng 135 $aur||||||||||| 181 $ctxt 182 $cc 183 $acr 200 10$aAnatomy of the Red Brigades$b[electronic resource] $ethe religious mind-set of modern terrorists /$fAlessandro Orsini ; translated from the Italian by Sarah J. Nodes 210 $aIthaca $cCornell University Press$d2011 215 $a1 online resource (325 p.) 300 $aBibliographic Level Mode of Issuance: Monograph 311 $a0-8014-4986-3 320 $aIncludes bibliographical references and index. 327 $tFront matter --$tContents --$tIntroduction --$t1. The Pedagogy of Intolerance --$t2. The Sacralization of Politics --$t3. Toward the Bloodshed --$t4. The Genesis of the Red Brigades --$t5. The Masters of the Red Brigades --$t6. The Purifiers of the World in Power --$tAppendix: Red Brigades and Black Brigades --$tA Note on Method --$tBibliography --$tIndex of Names 330 $aThe Red Brigades were a far-left terrorist group in Italy formed in 1970 and active all through the 1980's. Infamous around the world for a campaign of assassinations, kidnappings, and bank robberies intended as a "concentrated strike against the heart of the State," the Red Brigades' most notorious crime was the kidnapping and murder of Italy's former prime minister Aldo Moro in 1978. In the late 1990's, a new group of violent anti-capitalist terrorists revived the name Red Brigades and killed a number of professors and government officials. Like their German counterparts in the Baader-Meinhof Group and today's violent political and religious extremists, the Red Brigades and their actions raise a host of questions about the motivations, ideologies, and mind-sets of people who commit horrific acts of violence in the name of a utopia. In the first English edition of a book that has won critical acclaim and major prizes in Italy, Alessandro Orsini contends that the dominant logic of the Red Brigades was essentially eschatological, focused on purifying a corrupt world through violence. Only through revolutionary terror, Brigadists believed, could humanity be saved from the putrefying effects of capitalism and imperialism. Through a careful study of all existing documentation produced by the Red Brigades and of all existing scholarship on the Red Brigades, Orsini reconstructs a worldview that can be as seductive as it is horrifying. Orsini has devised a micro-sociological theory that allows him to reconstruct the group dynamics leading to political homicide in extreme-left and neo-Nazi terrorist groups. This "subversive-revolutionary feedback theory" states that the willingness to mete out and suffer death depends, in the last analysis, on how far the terrorist has been incorporated into the revolutionary sect. Orsini makes clear that this political-religious concept of historical development is central to understanding all such self-styled "purifiers of the world." From Thomas Müntzer's theocratic dream to Pol Pot's Cambodian revolution, all the violent "purifiers" of the world have a clear goal: to build a perfect society in which there will no longer be any sin and unhappiness and in which no opposition can be allowed to upset the universal harmony. Orsini's book reconstructs the origins and evolution of a revolutionary tradition brought into our own times by the Red Brigades. 606 $aIdeology 606 $aTerrorism 615 0$aIdeology. 615 0$aTerrorism. 676 $a363.3250945 700 $aOrsini$b Alessandro$f1975-$0328972 701 $aNodes$b Sarah J$01503278 801 0$bMiAaPQ 801 1$bMiAaPQ 801 2$bMiAaPQ 906 $aBOOK 912 $a9910781244003321 996 $aAnatomy of the Red Brigades$93731566 997 $aUNINA LEADER 04187nam 2200577 450 001 9910823166003321 005 20220902021352.0 010 $a1-4704-1525-9 035 $a(CKB)3710000000124447 035 $a(EBL)3113169 035 $a(SSID)ssj0001135199 035 $a(PQKBManifestationID)11591157 035 $a(PQKBTitleCode)TC0001135199 035 $a(PQKBWorkID)11116378 035 $a(PQKB)10059234 035 $a(MiAaPQ)EBC3113169 035 $a(RPAM)17883513 035 $a(PPN)197102557 035 $a(EXLCZ)993710000000124447 100 $a20140612h20142014 uy 0 101 0 $aeng 135 $aur|n|---||||| 181 $ctxt 182 $cc 183 $acr 200 10$aHarmonic analysis and partial differential equations $e9th International Conference on Harmonic Analysis and Partial Differential Equations, June 11-15, 2012, El Escorial, Madrid, Spain /$fPatricio Cifuentes [and nine others], editors 210 1$aProvidence, Rhode Island :$cAmerican Mathematical Society,$d2014. 210 4$d©2014 215 $a1 online resource (190 p.) 225 1 $aContemporary mathematics,$x1098-3627 ;$v612$x0271-4132 300 $aDescription based upon print version of record. 311 $a0-8218-9433-1 320 $aIncludes bibliographical references. 327 $aIntroduction -- Aspects of multilinear harmonic analysis related to transversality -- 1. Introduction -- 2. The linear restriction theory for the Fourier transform -- 3. The bilinear restriction theory: the emergence of transversality -- 4. Multilinear transversality and the multilinear restriction theory -- 5. Transversal multilinear harmonic analysis: a bigger picture -- References -- Multi-frequency CalderA?³n-Zygmund analysis and connexion to Bochner-Riesz multipliers -- 1. Notations and preliminaries -- 2. Unweighted estimates for multi-frequency CalderA?³n-Zygmund operators -- 3. Weighted estimates for multi-frequency CalderA?³n-Zygmund operators -- 4. Connexion to Bochner-Riesz multipliers -- References -- Sharp Bounds for -Haar Multipliers on A?² -- 1. Introduction -- 2. Preliminaries -- 3. Main tools -- 4. Haar Multipliers -- 5. Appendix -- References -- Spectra of Frame Operators with Prescribed Frame Norms -- 1. Introduction -- 2. Background results about Schur-Horn type theorems -- 3. Spectral set -- References -- Regularity criteria for Hall-magnetohydrodynamics and the space-time Monopole equation in Lorenz gauge -- 1. Introduction -- 2. Proof of Theorem 1.1 -- 3. Proof of Theorem 1.3 -- 4. Proof of Theorem 1.7 -- Acknowledgments -- References -- The a??? theorem: Remarks and complements -- 1. Introduction -- 2. Detailed outline of the lower-left route -- 3. Proof of Lerner's formula -- 4. Sharpness of the weak (1,1) estimate -- 5. A direct verification of the testing conditions -- 6. The two-weight 1 theorem for positive operators -- References -- 4. The Dirichlet problem with data in higher order Sobolev spaces -- 5. Examples of boundary problems of mathematical physics -- References -- Perturbations of elliptic operators in chord arc domains -- 1. Introduction -- 2. Preliminaries -- 3. Main Result -- References -- Cauchy non-integral formulas -- 1. Introduction -- 2. Carleson estimates of operators -- 3. Proof of the Cauchy formula -- 4. Applications to the Neumann and Dirichlet problem -- References. 410 0$aContemporary mathematics (American Mathematical Society).$v612$x0271-4132 606 $aHarmonic analysis$vCongresses 606 $aDifferential equations, Partial$vCongresses 615 0$aHarmonic analysis 615 0$aDifferential equations, Partial 676 $a512.7/6 686 $a31-XX$a35-XX$a42-XX$a46-XX$a47-XX$2msc 702 $aCifuentes$b Patricio 712 02$aAmerican Mathematical Society. 712 12$aInternational Conference on Harmonic Analysis and Partial Differential Equations 801 0$bMiAaPQ 801 1$bMiAaPQ 801 2$bMiAaPQ 906 $aBOOK 912 $a9910823166003321 996 $aHarmonic analysis and partial differential equations$980197 997 $aUNINA